Siirry sisältöön

Развитие сознания в онтогенезе методическая разработка по дисциплинам «психология развития» и «возрастная психология» для бакалавриата направлений подготовки «педагогическое образование» и «психолого-педагогическое образование»

Методическая разработка содержит теоретические и практические материалы для изучения темы ««Развитие сознания в онтогенезе» в рамках дисциплин «Психология развития» и «Возрастная психология» для студентов бакалавриата направлений подготовки «Педагогическое образование» и «Психолого-педагогическое об...

Täydet tiedot

Tallennettuna:
Bibliografiset tiedot
Aineistotyyppi: Книга
Kieli:Russian
Julkaistu: Самара СГСПУ 2015
Linkit:https://e.lanbook.com/book/201014
https://e.lanbook.com/img/cover/book/201014.jpg
Tagit: Lisää tagi
Ei tageja, Lisää ensimmäinen tagi!
LEADER 02273nam0a2200241 i 4500
001 201014
003 RuSpLAN
005 20221220174143.0
008 221220s2015 ru gs 000 0 rus
040 |a RuSpLAN 
041 0 |a rus 
044 |a ru 
080 |a 159.9 
084 |a 88  |2 rubbk 
245 0 0 |a Развитие сознания в онтогенезе  |b методическая разработка по дисциплинам «психология развития» и «возрастная психология» для бакалавриата направлений подготовки «педагогическое образование» и «психолого-педагогическое образование» 
260 |a Самара  |b СГСПУ  |c 2015 
300 |a 24 с. 
504 |a Библиогр.: доступна в карточке книги, на сайте ЭБС Лань 
520 8 |a Методическая разработка содержит теоретические и практические материалы для изучения темы ««Развитие сознания в онтогенезе» в рамках дисциплин «Психология развития» и «Возрастная психология» для студентов бакалавриата направлений подготовки «Педагогическое образование» и «Психолого-педагогическое образование». В книге раскрываются особенности развития сознания на разных возрастных этапах жизни человека, при этом особое внимание уделяется развитию детского сознания. Издание рекомендуется для студентов и преподавателей, а также для тех, кому интересна психология сознания. 
521 8 |a Книга из коллекции СГСПУ - Психология. Педагогика 
856 4 |u https://e.lanbook.com/book/201014 
856 4 8 |u https://e.lanbook.com/img/cover/book/201014.jpg 
953 |a https://e.lanbook.com/img/cover/book/201014.jpg 
Cannot write session to /tmp/vufind_sessions/sess_uvl1diuq480ngp48qjn189ivr5